00397 a2200109 4500001000900000005001700009008004100026245010900067100002200176773007200198999001700270ART_332920260410161714.0260409a 10aLos movimientos de corto plazo en el mercado de trabajo urbano y la coyuntura de 1975-78 en la Argentina1 aBeccaria, Luis A.0 tDesarrollo económicog- Vol. 20, Nº 78 (jul./sep. 1980)wREV1174 c16331d16331